|
|
|
|
| LEADER |
01408nam a2200325 4500 |
| 001 |
41235 |
| 003 |
BD-DhAAL |
| 005 |
20230522164306.0 |
| 008 |
230522t1973 enka|||| |||| 001 0 eng d |
| 040 |
|
|
|a BD-DhAAL
|d BD-DhAAL
|
| 082 |
|
|
|a 382
|2 22
|
| 100 |
|
|
|a Caves, Richard E.
|9 54312
|
| 245 |
|
|
|a World trade and payments :
|b an introduction /
|c by Richard E. Caves and Ronald W. Jones.
|
| 250 |
|
|
|a Second edition.
|
| 260 |
|
|
|a Boston :
|b Little, Brown,
|c 1973.
|
| 300 |
|
|
|a xv, 574 pages :
|b illustrations ;
|c 24 cm.
|
| 490 |
|
|
|a Little, Brown series in economics
|
| 504 |
|
|
|a Includes bibliographical references.
|
| 541 |
|
|
|a Donated By Akbar Ali Khan
|e 41235
|
| 650 |
|
|
|a Commerce
|x Mathematical models.
|9 54313
|
| 650 |
|
|
|a Balance of payments
|x Mathematical models.
|9 54314
|
| 650 |
|
|
|a Commercial policy.
|
| 650 |
|
|
|a International economic relations
|x Mathematical models.
|9 54315
|
| 650 |
|
|
|a International trade.
|
| 700 |
|
|
|a Jones, Ronald Winthrop,
|d 1931-2022,
|9 54316
|
| 830 |
|
|
|a Little, Brown series in economics
|9 54321
|
| 852 |
|
|
|a Ayesha Abed Library
|c Akbar Ali Khan Collection
|
| 942 |
|
|
|2 ddc
|c BK
|
| 999 |
|
|
|c 45794
|d 45794
|
| 952 |
|
|
|0 0
|1 0
|2 ddc
|4 0
|6 382_000000000000000_CAV
|7 1
|9 73673
|a BRACUL
|b BRACUL
|c AAKC
|d 2023-05-22
|e Donated by Akbar Ali Khan
|g 1813.95
|l 0
|o 382 CAV
|p 3010041235
|r 2023-05-22
|t 1
|v 1813.95
|w 2023-05-22
|y BK
|x price are not available in book (collected from amazon.com $16.95 )
|